Online
Catalog

Lugares de magia y aventura : (Record no. 5378)

MARC details
000 -CABECERA
campo de control de longitud fija 00754nam a2200229 a 4500
001 - NÚMERO DE CONTROL
campo de control 000005579
005 - FECHA Y HORA DE LA ÚLTIMA TRANSACCIÓN
campo de control 20200929151722.0
008 - DATOS DE LONGITUD FIJA--INFORMACIÓN GENERAL
campo de control de longitud fija 090820s1994 sp bc 001 0 spa d
020 ## - NÚMERO INTERNACIONAL ESTÁNDAR DEL LIBRO
Número Internacional Estándar del Libro 8487111440
040 ## - FUENTE DE LA CATALOGACIÓN
Centro catalogador/agencia de origen DO-SdBNP
082 ## - NÚMERO DE LA CLASIFICACIÓN DECIMAL DEWEY
Número de clasificación xxxx
Número de documento/Ítem P438l
049 ## - FONDOS LOCALES (OCLC)
Fondos de biblioteca BNPD
100 1# - ENTRADA PRINCIPAL--NOMBRE DE PERSONA
Nombre de persona Pérez Miguel, Aurora
9 (RLIN) 15763
245 10 - MENCIÓN DE TÍTULO
Título Lugares de magia y aventura :
Resto del título recuerdos de una viajera /
Mención de responsabilidad, etc. Aurora Pérez Miguel ; prólogo Ana Cristina Navarro.
260 ## - PUBLICACIÓN, DISTRIBUCIÓN, ETC.
Lugar de publicación, distribución, etc. Madrid, :
Nombre del editor, distribuidor, etc. Doce Calles ; CSIC,
Fecha de publicación, distribución, etc. 1994.
300 ## - DESCRIPCIÓN FÍSICA
Extensión 249 p. :
Otras características físicas retr., map.
490 1# - MENCIÓN DE SERIE
Mención de serie El Cóndor
500 ## - NOTA GENERAL
Nota general Incluye índices
700 1# - PUNTO DE ACCESO ADICIONAL--NOMBRE DE PERSONA
Nombre de persona Navarro, Ana Cristina,
Término indicativo de función/relación pról.
9 (RLIN) 15764
710 1# - PUNTO DE ACCESO ADICIONAL--NOMBRE DE ENTIDAD CORPORATIVA
Nombre de entidad corporativa o nombre de jurisdicción como elemento de entrada Consejo Superior de Investigaciones Científicas
9 (RLIN) 4786
830 #0 - PUNTO DE ACCESO ADICIONAL DE SERIE-TÍTULO UNIFORME
Título uniforme Colección El Cóndor
9 (RLIN) 15765
Holdings
Estado de retiro Estado de pérdida Restricciones de uso No para préstamo Código de colección Localización permanente Ubicación/localización actual Ubicación en estantería Fecha de adquisición Número de inventario Total de préstamos Signatura topográfica completa Código de barras Fecha visto por última vez Precio válido a partir de Tipo de ítem Koha
        Monografías: Libros y Folletos General General En catalogación 20.08.2009 LF1   xxxx P438l 5579-10 25.06.2020 25.06.2020 Préstamo en sala

Powered by Koha